ا سلا م ا و ر معا شی تحفظ (Record no. 167439)

MARC details
000 -LEADER
fixed length control field 00717nam a22001937a 4500
005 - DATE AND TIME OF LATEST TRANSACTION
control field 20190902172127.0
010 ## - LCCN (DPL NO)
LC control number UR-10425
020 ## - INTERNATIONAL STANDARD BOOK NUMBER
Terms of availability 55.00
035 ## - SYSTEM CONTROL NUMBER
System control number U-8980
037 ## - SOURCE OF ACQUISITION
Source of stock number/acquisition DBAD/PUB
Stock number -
082 ## - DEWEY DECIMAL CLASSIFICATION NUMBER
Classification number 270.330
100 ## - MAIN ENTRY--PERSONAL NAME
Personal name علا مہ يو سف ا لقر ضا و ی
245 ## - TITLE STATEMENT
Title ا سلا م ا و ر معا شی تحفظ
Statement of responsibility, etc علا مہ يو سف ا لقر ضا و ی
246 ## - VARYING FORM OF TITLE
Remainder of title Islam Aur Maashi Tahffuz (Urdu)
Title proper/short title by Allama Yusuf Al Qarzavi
260 ## - PUBLICATION, DISTRIBUTION, ETC. (IMPRINT)
Place of publication, distribution, etc New Delhi
Name of publisher, distributor, etc Merkazi Maktaba Islami Publishers
Date of publication, distribution, etc 2010 ء
270 ## - ADDRESS
Address D-307,Dawat Nagar,Abulfazal Enclave,Jamia Ngr.
City New Delhi
Postal code 110025
Telephone number 26971652
Fax number -
300 ## - PHYSICAL DESCRIPTION
Extent 168 ص
Dimensions 22 Cm(Hb)
942 ## - ADDED ENTRY ELEMENTS (KOHA)
Source of classification or shelving scheme Dewey Decimal Classification
Item type Urdu Bks
Classification part 270.330
Call number suffix ی و س
Holdings
Withdrawn status Lost status Not for loan Collection code Home library Current library Date acquired Source of acquisition Cost, normal purchase price Full call number Barcode Copy number Cost, replacement price Koha item type
    Not For Loan Non-fiction D.B.Act.Division D.B.Act.Division 02/09/2019 DBAD/PUB 55.00 270.330 ی و س U-8980 1 55.00 Urdu Bks

© Delhi Public Library
Hit Counter
free hit counter